| 000 | 00716nam a2200169 a 4500 | ||
|---|---|---|---|
| 001 | 000046368 | ||
| 005 | 20201002052824.0 | ||
| 008 | 150805s1999 dr a 000 0 spa d | ||
| 040 |
_aDO-SdBNP _bspa _cBNPHU |
||
| 082 |
_axxxx _bxxxx |
||
| 110 | 2 |
_aRepública Dominicana. _bDirección General de Educación de Adultos _974392 |
|
| 245 | 1 | 0 |
_aJornada nacional de alfabetización, alfabeticemos ahora : _bCantidades 1 del método abc de la matemática / _cJavier González Q. |
| 260 |
_aSanto Domingo : _bPNUD, _bDirección General de Educación de Adultos, _c1999. |
||
| 300 |
_a50 p. : _bil. ; _c22 cm. |
||
| 700 | 1 | 2 |
_aGonzález Q., Javier _974393 |
| 710 | 2 | 2 |
_aPrograma de las Naciones Unidas para el Desarrollo (PNUD) _943540 |
| 999 |
_c45857 _d45857 |
||